000 00328nam a2200121Ia 4500
008 240624s9999 xx 000 0 und d
041 _aeng
082 _a823 DOY
100 _aDOYLE ARTHUR CONAN
245 _aCOMPLETE SHERLOCK HOLMES II
260 _c2002
_aNew Delhi
_bIndialog Publishing Pvt. Ltd.
300 _a197 : p. : cm. ; 18
999 _c4811
_d4811